100 DC Characters - Statistics

General Stats
  • This quiz has been taken 226 times
  • The average score is 54 of 100
Answer Stats
Picture Answer % Correct
Batman
99%
Captain Marvel
96%
Aquaman
94%
Flash
92%
Green Lantern
92%
Bane
90%
Joker
90%
Cyborg
89%
Supergirl
88%
Green Arrow
87%
Black Adam
85%
Lex Luthor
85%
Hawkman
84%
Harley Quinn
83%
Wonder Woman
82%
Martian Manhunter
81%
Beast Boy
80%
Darkseid
80%
Superman
80%
Starfire
78%
Reverse Flash
77%
Black Manta
76%
Cheetah
76%
Clayface
76%
Robin
76%
Deadshot
75%
Bizarro
74%
Black Canary
74%
Hawkgirl
73%
Killer Croc
73%
Mr. Freeze
72%
Plastic Man
72%
Riddler
72%
Two-Face
72%
Ra's al Ghul
69%
The Atom
68%
Penguin
67%
Zatanna
67%
Booster Gold
66%
Dr. Fate
66%
Deathstroke
63%
Red Hood
63%
Swamp Thing
63%
Huntress
61%
John Constantine
61%
Power Girl
61%
Raven
61%
Red Tornado
61%
Blue Beetle
59%
Mr. Terrific
58%
Sinestro
58%
Doomsday
55%
Solomon Grundy
55%
Gorilla Grodd
54%
Brainiac
53%
Owlman
52%
Stargirl
50%
Starro the Conqueror
50%
Scarecrow
48%
Metamorpho
47%
Vixen
45%
Deadman
43%
General Zod
43%
Jonah Hex
43%
Spectre
43%
The Question
42%
Etrigan the Demon
39%
Ocean Master
39%
Ultraman
38%
Atrocitus
36%
Amazo
34%
Parallax
34%
Mongul
33%
Steel
33%
Parasite
32%
Anti-Monitor
31%
Metallo
31%
Adam Strange
28%
Elongated Man
28%
Mr. Mxyzptlk
28%
Black Hand
27%
The Creeper
27%
Steppenwolf
26%
Power Ring
23%
Wildcat
20%
Klarion the Witch Boy
18%
Psycho-Pirate
18%
Despero
17%
Vandal Savage
17%
Dr. Sivana
16%
Phantom Stranger
16%
Vigilante
16%
B'wana Beast
12%
Dr. Destiny
12%
Chronos
11%
Citizen Steel
11%
Shining Knight
10%
Johnny Sorrow
9%
Matter-Eater Lad
7%
Nemesis
6%
No matching quizzes found
Score Distribution
Percent of People with Each Score
Percentile by Number Answered
Your Score History
You have not taken this quiz